Pays non insulaires les moins peuplés du Monde - Statistiques

Statistiques générales
  • Ce quiz a été pris 147 fois
    133 depuis la dernière actualisation
  • Le résultat moyen est 8 sur 10
Statistiques - réponses
Continent Population Pays % Correct
Europe 496 Vatican
100%
Europe 38 956 Monaco
98%
Europe 39 598 Liechtenstein
97%
Europe 80 856 Andorre
94%
Europe 33 733 Saint-Marin
93%
Europe 665 098 Luxembourg
89%
Amérique Centrale 410 919 Belize
74%
Amérique du Sud 628 886 Suriname
65%
Asie 786 385 Bhoutan
57%
Europe 633 552 Monténégro
47%
Aucun quiz correspondant
Distribution des résultats
% des personnes avec chaque résultat
Percentile par nombre de réponses
Votre historique - résultats
Vous n’avez pas pris ce quiz depuis la dernière actualisation